00691nam a22002177a 450000500170000001000130001702000260003003500130005603700160006904000120008508200170009710000230011424501460013726000330028327000540031630000250037050000220039565000150041765000220043270000190045420170124105955.0 aB-226481 a9788130901343c295.00 aB-226481 bCen Lib/Ret aDPLbEN a070.195bMOH aMohammed El-Nawawy aAl-jazeera /cby Mohammed El-Nawawy [and] Adel Iskandarbstory of the network that is rattling governments and redefining modern journalism / aNew DelhibViva Books c2007 a4737/23, Ansari Road DaryaganjbNew Delhie110002 axii, 240p.c21cm(Hb) aIncludes index  aNetworking aModern journalism aIskandar, Adel